[Event "DVM U20w 2019"]
[Site "Braunschweig GER"]
[Date "2019.12.30"]
[Round "7"]
[White "Möller, Hannah"]
[Black "Visvikis, Kassandra"]
[Result "1-0"]
[Termination "normal"]
[Board "4.3"]
[WhiteElo "1832"]
[BlackElo "1568"]
[WhiteClock "01:02:41"]
[BlackClock "01:07:12"]
[WhiteTeam "SV Lingen"]
[BlackTeam "OSG Baden-Baden"]
[PlyCount "39"]
[WhiteFideId "1270514"]
[BlackFideId "36052167"]
[EventCountry "GER"]
[EventRounds "7"]
[EventType "team-swiss"]
[EventDate "2019.12.26"]

1. Nf3 {[%clk 1:30:58]} Nf6 {[%clk 1:30:54]} 2. g3 {[%clk 1:31:25]} d5 {[%clk
1:31:08]} 3. Bg2 {[%clk 1:31:52]} Bf5 {[%clk 1:30:56]} 4. d4 {[%clk 1:32:04]}
e6 {[%clk 1:28:32]} 5. O-O {[%clk 1:31:22]} c5 {[%clk 1:28:30]} 6. c4 {[%clk
1:31:44]} Nc6 {[%clk 1:25:25]} 7. Nc3 {[%clk 1:26:39]} h6 {[%clk 1:19:42]} 8.
cxd5 {[%clk 1:24:44]} Nxd5 {[%clk 1:19:26]} 9. Nxd5 {[%clk 1:25:06]} Qxd5
{[%clk 1:18:30]} 10. Qa4 {[%clk 1:22:52]} Be4 {[%clk 1:17:47]} 11. dxc5 {[%clk
1:17:56]} O-O-O {[%clk 1:13:56]} 12. Be3 {[%clk 1:15:21]} Qf5 {[%clk 1:11:28]}
13. Nh4 {[%clk 1:13:04]} Bc2 {[%clk 1:10:52]} 14. Qb5 {[%clk 1:09:45]} Qf6
{[%clk 1:08:48]} 15. Bxc6 {[%clk 1:07:39]} bxc6 {[%clk 1:09:08]} 16. Qxc6+
{[%clk 1:08:03]} Kb8 {[%clk 1:09:30]} 17. Qb5+ {[%clk 1:05:27]} Ka8 {[%clk
1:09:11]} 18. c6 {[%clk 1:04:51]} Qe7 {[%clk 1:08:42]} 19. Rac1 {[%clk
1:04:49]} Be4 {[%clk 1:07:12]} 20. c7 {[%clk 1:02:41]} 1-0

[Event "DVM U20w 2019"]
[Site "Braunschweig GER"]
[Date "2019.12.30"]
[Round "7"]
[White "Brunner, Sophia"]
[Black "Rempe, Janne"]
[Result "1-0"]
[Termination "normal"]
[Board "7.1"]
[WhiteElo "1852"]
[BlackElo "1559"]
[WhiteClock "00:06:17"]
[BlackClock "00:56:57"]
[WhiteTeam "SK Nordhorn-Blanke"]
[BlackTeam "SK Doppelbauer Kiel"]
[PlyCount "63"]
[WhiteFideId "12960683"]
[BlackFideId "16202392"]
[EventCountry "GER"]
[EventRounds "7"]
[EventType "team-swiss"]
[EventDate "2019.12.26"]

1. b4 {[%clk 1:30:58]} d6 {[%clk 1:30:43]} 2. Bb2 {[%clk 1:30:50]} e5 {[%clk
1:30:23]} 3. c4 {[%clk 1:30:05]} Nd7 {[%clk 1:30:02]} 4. Nf3 {[%clk 1:29:47]}
Ngf6 {[%clk 1:29:35]} 5. e3 {[%clk 1:29:13]} c6 {[%clk 1:29:04]} 6. Nc3 {[%clk
1:21:17]} Be7 {[%clk 1:26:00]} 7. Qc2 {[%clk 1:18:22]} O-O {[%clk 1:24:55]} 8.
a3 {[%clk 1:16:44]} Re8 {[%clk 1:23:49]} 9. d4 {[%clk 1:12:46]} Qc7 {[%clk
1:22:35]} 10. Bd3 {[%clk 1:00:13]} Nf8 {[%clk 1:16:33]} 11. h3 {[%clk 0:45:33]}
exd4 {[%clk 1:14:35]} 12. Nxd4 {[%clk 0:45:42]} Bd7 {[%clk 1:14:04]} 13. O-O
{[%clk 0:45:17]} Rad8 {[%clk 1:13:48]} 14. Nf5 {[%clk 0:39:56]} Qc8 {[%clk
1:13:08]} 15. Ne4 {[%clk 0:35:34]} Qc7 {[%clk 1:07:42]} 16. Nxe7+ {[%clk
0:35:10]} Rxe7 {[%clk 1:06:53]} 17. Nxf6+ {[%clk 0:35:29]} gxf6 {[%clk
1:07:01]} 18. Bxf6 {[%clk 0:35:53]} Ree8 {[%clk 1:07:19]} 19. Bxd8 {[%clk
0:36:05]} Qxd8 {[%clk 1:07:43]} 20. Bf5 {[%clk 0:35:55]} Qg5 {[%clk 1:06:58]}
21. Bxd7 {[%clk 0:35:54]} Nxd7 {[%clk 1:07:20]} 22. Rad1 {[%clk 0:30:24]} Re6
{[%clk 1:06:20]} 23. Rd4 {[%clk 0:22:01]} h5 {[%clk 1:02:36]} 24. f4 {[%clk
0:15:35]} Qg3 {[%clk 1:01:56]} 25. Qf2 {[%clk 0:15:29]} Qg7 {[%clk 1:00:45]}
26. Rfd1 {[%clk 0:13:52]} Nb6 {[%clk 0:58:13]} 27. Rxd6 {[%clk 0:11:31]} Rxd6
{[%clk 0:58:30]} 28. Rxd6 {[%clk 0:11:55]} Qf8 {[%clk 0:57:52]} 29. Qg3+ {[%clk
0:11:23]} Kh8 {[%clk 0:57:46]} 30. Rd4 {[%clk 0:09:14]} Qe8 {[%clk 0:57:10]}
31. f5 {[%clk 0:09:17]} Nd7 {[%clk 0:56:57]} 32. Rxd7 {[%clk 0:06:17]} 1-0

[Event "DVM U20w 2019"]
[Site "Braunschweig GER"]
[Date "2019.12.30"]
[Round "7"]
[White "Rempe, Mieke"]
[Black "Fock, Amina"]
[Result "0-1"]
[Termination "normal"]
[Board "7.2"]
[WhiteElo "1619"]
[BlackElo "1807"]
[WhiteClock "00:43:50"]
[BlackClock "00:41:18"]
[WhiteTeam "SK Doppelbauer Kiel"]
[BlackTeam "SK Nordhorn-Blanke"]
[PlyCount "72"]
[WhiteFideId "16202384"]
[BlackFideId "12981982"]
[EventCountry "GER"]
[EventRounds "7"]
[EventType "team-swiss"]
[EventDate "2019.12.26"]

1. e4 {[%clk 1:30:55]} c5 {[%clk 1:30:57]} 2. Nf3 {[%clk 1:31:05]} d6 {[%clk
1:31:22]} 3. d4 {[%clk 1:31:11]} cxd4 {[%clk 1:31:47]} 4. Nxd4 {[%clk 1:31:17]}
Nf6 {[%clk 1:32:06]} 5. Nc3 {[%clk 1:31:24]} a6 {[%clk 1:32:32]} 6. Be3 {[%clk
1:29:10]} e5 {[%clk 1:32:56]} 7. Nf3 {[%clk 1:27:56]} Be7 {[%clk 1:31:10]} 8.
Qd2 {[%clk 1:27:41]} Ng4 {[%clk 1:27:17]} 9. Nd5 {[%clk 1:25:31]} Nxe3 {[%clk
1:27:39]} 10. Qxe3 {[%clk 1:25:46]} Nd7 {[%clk 1:27:01]} 11. O-O-O {[%clk
1:23:48]} Nc5 {[%clk 1:20:38]} 12. Nxe5 {[%clk 1:17:19]} dxe5 {[%clk 1:06:08]}
13. Nf6+ {[%clk 1:15:26]} gxf6 {[%clk 1:06:32]} 14. Rxd8+ {[%clk 1:15:50]} Kxd8
{[%clk 1:06:58]} 15. Bc4 {[%clk 1:11:17]} Be6 {[%clk 1:05:54]} 16. Rd1+ {[%clk
1:09:16]} Kc7 {[%clk 1:04:10]} 17. Bxe6 {[%clk 1:07:47]} fxe6 {[%clk 1:03:10]}
18. Qc3 {[%clk 1:07:32]} a5 {[%clk 1:03:02]} 19. g4 {[%clk 1:03:13]} b5 {[%clk
0:58:23]} 20. f3 {[%clk 0:58:39]} b4 {[%clk 0:54:44]} 21. Qc4 {[%clk 0:57:58]}
Kb6 {[%clk 0:54:58]} 22. a4 {[%clk 0:55:45]} bxa3 {[%clk 0:55:04]} 23. bxa3
{[%clk 0:55:57]} a4 {[%clk 0:54:10]} 24. Qb4+ {[%clk 0:52:21]} Kc6 {[%clk
0:54:15]} 25. Qc4 {[%clk 0:52:44]} Rhb8 {[%clk 0:49:51]} 26. Rd3 {[%clk
0:51:21]} Rb5 {[%clk 0:49:44]} 27. Rc3 {[%clk 0:50:47]} Kb6 {[%clk 0:49:58]}
28. Qe2 {[%clk 0:48:31]} Rc8 {[%clk 0:49:37]} 29. Rc4 {[%clk 0:46:45]} Rd8
{[%clk 0:44:42]} 30. Qe3 {[%clk 0:45:34]} Kb7 {[%clk 0:44:08]} 31. Qh6 {[%clk
0:43:49]} Nb3+ {[%clk 0:41:06]} 32. cxb3 {[%clk 0:43:26]} Bxa3+ {[%clk
0:41:31]} 33. Kc2 {[%clk 0:43:37]} axb3+ {[%clk 0:41:49]} 34. Kc3 {[%clk
0:43:59]} Rd7 {[%clk 0:40:45]} 35. Qh3 {[%clk 0:43:29]} b2 {[%clk 0:41:01]} 36.
Qf1 {[%clk 0:43:50]} b1=Q {[%clk 0:41:18]} 0-1

[Event "DVM U20w 2019"]
[Site "Braunschweig GER"]
[Date "2019.12.30"]
[Round "7"]
[White "Malinowsky, Celina"]
[Black "Hallfarth, Luise"]
[Result "0-1"]
[Termination "normal"]
[Board "7.4"]
[WhiteElo "1293"]
[BlackElo "1517"]
[WhiteClock "00:17:57"]
[BlackClock "00:40:35"]
[WhiteTeam "SK Doppelbauer Kiel"]
[BlackTeam "SK Nordhorn-Blanke"]
[PlyCount "56"]
[WhiteFideId "16266986"]
[BlackFideId "16250222"]
[EventCountry "GER"]
[EventRounds "7"]
[EventType "team-swiss"]
[EventDate "2019.12.26"]

1. e4 {[%clk 1:30:55]} c5 {[%clk 1:30:53]} 2. Nc3 {[%clk 1:30:26]} Nc6 {[%clk
1:31:12]} 3. Bc4 {[%clk 1:29:03]} g6 {[%clk 1:31:26]} 4. d3 {[%clk 1:27:36]}
Bg7 {[%clk 1:31:37]} 5. a3 {[%clk 1:25:34]} e6 {[%clk 1:31:33]} 6. f4 {[%clk
1:25:19]} Nge7 {[%clk 1:31:13]} 7. Nf3 {[%clk 1:24:57]} O-O {[%clk 1:31:29]} 8.
O-O {[%clk 1:23:01]} d5 {[%clk 1:31:07]} 9. Ba2 {[%clk 1:20:32]} b6 {[%clk
1:27:19]} 10. Qe1 {[%clk 1:18:16]} Ba6 11. Qg3 {[%clk 1:07:15]} dxe4 {[%clk
1:23:02]} 12. Nxe4 {[%clk 1:07:11]} Nd4 {[%clk 1:22:17]} 13. Nxd4 {[%clk
0:59:39]} Bxd4+ {[%clk 1:19:18]} 14. Kh1 {[%clk 0:59:17]} Nf5 {[%clk 1:16:06]}
15. Qe1 {[%clk 0:55:17]} Rc8 {[%clk 1:15:28]} 16. c3 {[%clk 0:45:24]} Bg7
{[%clk 1:15:33]} 17. Rf2 {[%clk 0:43:52]} Qxd3 {[%clk 1:07:09]} 18. Rd2 {[%clk
0:44:06]} Qb5 {[%clk 1:04:17]} 19. Ng5 {[%clk 0:37:36]} Rfe8 {[%clk 0:59:33]}
20. Bb1 {[%clk 0:35:13]} Rcd8 {[%clk 0:50:46]} 21. Bxf5 {[%clk 0:31:26]} Rxd2
{[%clk 0:47:13]} 22. Bxd2 {[%clk 0:31:25]} exf5 {[%clk 0:47:28]} 23. Qc1 {[%clk
0:26:43]} Re2 {[%clk 0:46:37]} 24. Nf3 {[%clk 0:24:01]} Bb7 {[%clk 0:45:56]}
25. Qf1 {[%clk 0:22:35]} Bxf3 26. gxf3 {[%clk 0:18:52]} Qd3 {[%clk 0:40:38]}
27. Be1 {[%clk 0:17:50]} Rxh2+ {[%clk 0:40:21]} 28. Kg1 {[%clk 0:17:57]} Rh1+
{[%clk 0:40:35]} 0-1

[Event "DVM U20w 2019"]
[Site "Braunschweig GER"]
[Date "2019.12.30"]
[Round "7"]
[White "Jacoby, Angelina"]
[Black "Biermann, Sophie"]
[Result "1/2-1/2"]
[Termination "normal"]
[Board "8.1"]
[WhiteElo "1635"]
[BlackElo "1645"]
[WhiteTeam "Leegebrucher Schachfreunde"]
[BlackTeam "SG Trier"]
[WhiteFideId "12999008"]
[BlackFideId "16208960"]
[EventCountry "GER"]
[EventRounds "7"]
[EventType "team-swiss"]
[EventDate "2019.12.26"]

1. d4 d5 2. Bf4 Nf6 3. e3 c6 4. Bd3 Nbd7
5. Nf3 e6 6. c3 c5 7. Nbd2 b6 8. h3 Bb7
9. O-O Be7 10. Qe2 O-O 11. e4 dxe4 12. Nxe4 Bxe4
13. Bxe4 Nxe4 14. Qxe4 Nf6 15. Qe2 Qd5 16. a3 Qf5
17. Bh2 Nd5 18. Rad1 Rfd8 19. Rfe1 Rac8 20. Qe4 Qxe4
21. Rxe4 cxd4 22. Rexd4 Bf6 23. Be5 Bxe5 24. Nxe5 f6
25. Ng4 Re8 26. Kf1 1/2-1/2

[Event "DVM U20w 2019"]
[Site "Braunschweig GER"]
[Date "2019.12.30"]
[Round "7"]
[White "La, Quynh Trang"]
[Black "Schiewe, Nadin"]
[Result "0-1"]
[Termination "normal"]
[Board "8.2"]
[WhiteElo "1436"]
[BlackElo "1629"]
[WhiteTeam "SG Trier"]
[BlackTeam "Leegebrucher Schachfreunde"]
[WhiteFideId "16275276"]
[BlackFideId "16209079"]
[EventCountry "GER"]
[EventRounds "7"]
[EventType "team-swiss"]
[EventDate "2019.12.26"]

1. d4 d5 2. c4 e6 3. Nf3 f5 4. e3 Nf6
5. b3 c6 6. Bd3 Bd6 7. O-O Ne4 8. Nfd2 O-O
9. Ba3 Rf6 10. Bxd6 Qxd6 11. Nf3 Nd7 12. Nbd2 b6
13. Rc1 Bb7 14. cxd5 exd5 15. Qc2 Rh6 16. h3 g5
17. Bxe4 fxe4 18. Nxg5 Qg6 19. f4 Rh5 20. Ndxe4 dxe4
21. Qc4+ Kh8 22. Nf7+ Kg7 23. f5 Qxf7 24. Qe2 Rg8
25. Qg4+ Kh8 26. Qxe4 Rxh3 27. g4 Nf6 28. Qe6 Rxg4+
29. Kf2 Ne4+ 30. Ke2 Ba6+ 31. Kd1 Qxe6 0-1

[Event "DVM U20w 2019"]
[Site "Braunschweig GER"]
[Date "2019.12.30"]
[Round "7"]
[White "Kung, Fanny"]
[Black "Elenz, Elisa"]
[Result "1-0"]
[Termination "normal"]
[Board "8.3"]
[WhiteElo "1426"]
[BlackElo "1456"]
[WhiteTeam "Leegebrucher Schachfreunde"]
[BlackTeam "SG Trier"]
[WhiteFideId "12987689"]
[BlackFideId "16262492"]
[EventCountry "GER"]
[EventRounds "7"]
[EventType "team-swiss"]
[EventDate "2019.12.26"]

1. e4 e6 2. d4 d5 3. exd5 exd5 4. Bd3 Bd6
5. Nf3 Nf6 6. O-O Bg4 7. Re1+ Be7 8. Bg5 O-O
9. Nbd2 Nbd7 10. h3 Bh5 11. c3 Bg6 12. Bxg6 fxg6
13. Qc2 a5 14. Rac1 b5 15. b3 Nb6 16. Ne5 Qd6
17. Ndf3 Ne4 18. Bxe7 Qxe7 19. c4 bxc4 20. bxc4 Nf6
21. Nxg6 Qxe1+ 22. Rxe1 hxg6 23. Qxg6 dxc4 24. Re7 Ne8
25. Ng5 1-0

[Event "DVM U20w 2019"]
[Site "Braunschweig GER"]
[Date "2019.12.30"]
[Round "7"]
[White "Schwalbach, Kathrin"]
[Black "Sauer, Annika"]
[Result "0-1"]
[Termination "normal"]
[Board "8.4"]
[WhiteElo "1137"]
[BlackElo "1569"]
[WhiteTeam "SG Trier"]
[BlackTeam "Leegebrucher Schachfreunde"]
[WhiteFideId "16275284"]
[BlackFideId "12952052"]
[EventCountry "GER"]
[EventRounds "7"]
[EventType "team-swiss"]
[EventDate "2019.12.26"]

1. e4 d5 2. exd5 Qxd5 3. Nc3 Qa5 4. d4 c6
5. Bc4 Nf6 6. Nf3 Bg4 7. Bxf7+ Kxf7 8. Ne5+ Qxe5+
9. dxe5 Bxd1 10. Nxd1 Nd5 11. O-O e6 12. f4 Bc5+
13. Kh1 Rf8 14. Bd2 Kg8 15. Nc3 Nxc3 16. Bxc3 Nd7
17. Rad1 Rad8 18. g4 g6 19. Be1 Be7 20. Bg3 Nb6
21. h4 Rxd1 22. Rxd1 Rd8 23. Rxd8+ Bxd8 24. Kg2 Nc4
25. Kf3 Nxb2 26. Ke4 Na4 27. a3 Nc3+ 28. Kf3 Nb5
29. a4 Nd4+ 30. Ke4 Ne2 31. Bf2 Nc3+ 32. Kf3 b6
33. f5 gxf5 34. gxf5 exf5 35. Kf4 Nxa4 36. Kxf5 Nc5
37. Bxc5 bxc5 38. e6 Be7 0-1